000 00264nam a2200109Ia 4500
008 190911s9999||||xx |||||||||||||| ||und||
100 _aLaxmi Devi
245 0 _aPlanning For Economic Development
260 _aNew Delhi
_bPearson
_c1997
300 _a538
942 _cBK
999 _c6761
_d6761